Дэнс, дэнс, дэнс: роман; пер. с яп.

Bibliographic Details
Main Author: Мураками Х. Харуки
Other Authors: Коваленин Д. Дмитрий (переводчик)
Summary:...И тут я наконец осознал: вокруг меня — кромешная тьма. Ни лучика света. Двери лифта все так же беззвучно затворились у меня за спиной, и эта тьма стала черной, как битумный лак. Я не различал даже собственных рук. Музыка тоже исчезла. В зябком воздухе едко пахло какой-то хиной. И в этой кромешной тьме я стоял, не дыша, совершенно один. "Дэне, дэнс, дэнс" (1988) — заключительный роман культовой "Трилогии Крысы" классика современной японской литературы Харуки Мураками, начатой романами "Слушай песню ветра", "Пинбол 1973" и "Охота на овец".
Language:Russian
Published: Москва, Эксмо, 2009
Series:Мураками-мания
Subjects:
Format: Book
KOHA link:https://koha.lib.tpu.ru/cgi-bin/koha/opac-detail.pl?biblionumber=347591

MARC

LEADER 00000nam0a2200000 4500
001 347591
005 20231102010021.0
010 |a 9785699320073 
035 |a (RuTPU)RU\TPU\book\379508 
090 |a 347591 
100 |a 20220523d2009 m y0rusy50 ca 
101 1 |a rus  |c jpn 
102 |a RU 
105 |a y z 000ay 
200 1 |a Дэнс, дэнс, дэнс  |e роман  |e пер. с яп.  |f Х. Мураками  |g пер. Д. Коваленина 
210 |a Москва  |c Эксмо  |d 2009 
215 |a 624 с. 
225 1 |a Мураками-мания 
330 |a ...И тут я наконец осознал: вокруг меня — кромешная тьма. Ни лучика света. Двери лифта все так же беззвучно затворились у меня за спиной, и эта тьма стала черной, как битумный лак. Я не различал даже собственных рук. Музыка тоже исчезла. В зябком воздухе едко пахло какой-то хиной. И в этой кромешной тьме я стоял, не дыша, совершенно один. "Дэне, дэнс, дэнс" (1988) — заключительный роман культовой "Трилогии Крысы" классика современной японской литературы Харуки Мураками, начатой романами "Слушай песню ветра", "Пинбол 1973" и "Охота на овец". 
606 1 |a Японская литература  |2 stltpush  |3 (RuTPU)RU\TPU\subj\21829  |9 46759 
610 1 |a художественная литература 
610 1 |a романы 
610 1 |a проза 
675 |a 895.6  |v 4 
700 1 |a Мураками  |b Х.  |g Харуки 
702 1 |a Коваленин  |b Д.  |g Дмитрий  |4 730 
801 1 |a RU  |b 63413507  |c 20220523 
801 2 |a RU  |b 63413507  |c 20220720  |g RCR 
942 |c BK